Nachtrag zu der Frage: Was ist der Staat? Gedruckt mit Freyheits-Schriften

Bibliographic Details
Main Author: Chrismar, Franz Anton, 1731-1803 (Author)
Format: Book
Language:German
PhysicalDescription:113-232 s. 18 cm
Published: [Augsburg] [Auf dem Oberpostamte; wie auch bey Johann Georg Bullmann und bey Johann Seiz, Papierhändler] 1783
Subjects:

MARC

LEADER 00000nam a2200000 a 4500
001 vtls011428189
003 SK-MaSNL
005 20260301134654.0
008 200609s1783 gw 000 0 ger
015 |a SNBHFA1783 
020 |q (viaz.) 
035 |a 49C7280C-B55B-4C56-A357-90C18437028D 
035 |a urn:nbn:sk:snk-amtgar 
035 |a urn:nbn:sk:snk-am00cdsl 
040 |a SNKHF  |b slo  |c SNK  |e AACR2 
041 0 |a ger 
044 |a gw  |c DE 
072 7 |a 27  |x Kresťanstvo. Kresťanská cirkev všeobecne. Ekleziológia  |2 konspekt 
080 |a 2-72  |2 2001 
080 |a 321.01  |2 2001 
080 |a 321:34  |2 2001 
080 |a 002.1-021.632  |2 2001 
100 1 |a Chrismar, Franz Anton,  |d 1731-1803  |4 aut  |9 488901 
240 1 0 |a Neueste Sammlung jener Schriften, die von einigen Jahren her über verschiedene wichtigsten Gegenstände zur Steuer der Wahrheit im Druck erschienen sind  |n Vierter Band 
245 1 0 |a Nachtrag zu der Frage: Was ist der Staat?  |b Gedruckt mit Freyheits-Schriften  |c Von einem Rechtsgelehrten und Publicisten im deutschen Reiche beantwortet. 
260 |a [Augsburg]  |b [Auf dem Oberpostamte; wie auch bey Johann Georg Bullmann und bey Johann Seiz, Papierhändler]  |c 1783 
300 |a 113-232 s.  |c 18 cm 
500 |a Meno autora je prevzaté z katalógu Bibliotheksverbund Bayern 
500 |a Vydavateľské údaje sú prevzaté zo združeného titulného listu 
500 |a Kustódy 
500 |a Iniciálky na dva riadky tlačené bez pozadia 
501 |a Príväzok 1. k: Was ist der Römische Kaiser? Augsburg: [Johann Georg Bullmannn, Johann Seiz], 1783.  |5 SNK: 
546 |a Nemčina  |b Fraktúra 
561 |a Pôvodný exlibris: Franciscus Comes Berchtoldt.  |5 SNK ID 99176/4 
650 0 7 |a štát  |2 SNKPH  |9 4689 
650 0 7 |a štát a právo  |2 SNKPH  |9 78088 
650 0 7 |a dodatky, doplnky, aktualizácie  |2 SNKPH  |9 31050 
700 1 |a Berchtold, František,  |d 1730-1793  |4 fmo  |9 166588 
710 2 |a Bullmann, Johann Georg (Augsburg, Nemecko),  |d 1775-1808  |4 pbl  |9 229729 
710 2 |a Seiz, Johann (Augsburg, Nemecko)  |4 bsl  |9 339664 
752 |a Nemecko  |d Augsburg 
852 |a snk  |b Historické fondy  |p ID 99176/4 
958 |a ONDV 
999 |c 757713  |d 759643 
952 |t Be 109  |a SNK  |b SNK  |c SNK_HF  |y PREZ  |7 0  |p 17A1128242  |o snkID 99176/4/prív.1  |i snk2015/33535  |8 5  |0 0  |1 0  |4 0  |d 2015-12-15  |f 1  |l 0  |r 2026-02-23 23:54:10  |w 2026-02-23